000 00658nam a22002297a 4500
003 OSt
005 20260406110050.0
008 260406b |||||||| |||| 00| 0 eng d
020 _a9780716638018
040 _cHS LRC
050 _aDS 119.7
_b.F524ar 2018
100 _aFirme, Tom
_9131530
245 _aArab-Israeli conflict /
_cTom Firme
260 _aChicago, Illinois :
_bWorld Book,
_cc2018.
265 _aPES
300 _a128 pages :
_bcolor illustrations ;
_c24 cm.
365 _b2,250.00
440 _aHistory Summarized
_9131531
504 _aIncludes index.
650 _aArab-Israeli conflict
_xJuvenile literature
_9131532
942 _2lcc
_cBK
999 _c94043
_d94043